Ville accueillant un tournoi de tennis cette année - Statistiques

Statistiques générales
  • Ce quiz a été pris 60 fois
  • Le résultat moyen est 9 sur 21
Statistiques - réponses
Catégories Réponses Surface % Correct
Grand Chelem Paris Terre Battue
100%
ATP 1000 Paris Dur Intérieur
100%
ATP 250 Marseille Dur Intérieur
81%
ATP 250 Montpellier Dur Intérieur
76%
Challenger 175 Bordeaux Terre Battue
74%
Challenger 100 Lyon Terre Battue
74%
Challenger 125 Lille Dur Intérieur
72%
ATP 250 Metz Dur Intérieur
70%
Challenger 100 Rennes Dur Intérieur
67%
Challenger 125 Pau Dur Intérieur
33%
Challenger 125 Orléans Dur Intérieur
28%
Challenger 175 Aix-en-Provence Terre Battue
24%
Challenger 50 Troyes Terre Battue
19%
Challenger 125 Quimper Dur Intérieur
17%
Challenger 75 Cherbourg Dur Intérieur
15%
Challenger 50 Royan Terre Battue
9%
Challenger 75 Mouilleron-le-Captif Dur Intérieur
7%
Challenger 100 Roanne Dur Intérieur
7%
Challenger 75 Cassis Dur Extérieur
6%
Challenger 125 Saint-Tropez Dur Extérieur
6%
Challenger 75 Thionville Dur Intérieur
4%
Aucun quiz correspondant
Distribution des résultats
% des personnes avec chaque résultat
Percentile par nombre de réponses
Votre historique - résultats
Vous n’avez pas pris ce quiz